| 000 | 00741nam a22002417i 4500 | ||
|---|---|---|---|
| 003 | URS | ||
| 005 | 20220117094911.0 | ||
| 008 | 170523b xxu||||| |||| 00| 0 eng d | ||
| 020 | _a--- | ||
| 040 |
_erda _cCollege _beng |
||
| 050 | 0 | 0 |
_aHF5686 _bM3195 1994 |
| 100 | 1 |
_aManuel, Zenaida Vera Cruz, _eauthor |
|
| 245 | 1 | 0 |
_aHandbook on Partnership and Corporation Accounting / _cManuel, Zenaida Vera Cruz |
| 250 | _aSixth Edition. | ||
| 264 | 1 |
_a[sine loco] _b[publisher not identified] _c1994. |
|
| 300 |
_a[vi], 244 pages ; _c26 cm. |
||
| 336 |
_2rdacontent _atext |
||
| 337 |
_2rdamedia _aunmediated |
||
| 338 |
_2rdacarrier _avolume |
||
| 650 | _aCorporations -- Accounting. | ||
| 650 | _aPartnership -- Accounting. | ||
| 942 |
_2lcc _cF |
||
| 999 |
_c11862 _d11862 |
||